Name a City in Every African Country - No Capitals - Statistics

General Stats
  • This quiz has been taken 816 times
  • The average score is 19 of 54
Answers on the Map
Answers color-coded by a green-red scale on the quiz's map according to % correct below.
 
Answer Stats
Country Cities % Correct
Egypt Alexandria | Giza | Shubra el-Kheima | Port Said | Suez | El Mansoura | Mahalla el-Kubra | Tanta
95%
Morocco Casablanca | Fez | Tangier | Marrakesh | Sale | Meknes | Oujda | Kentira
94%
South Africa * by urban area Johannesburg | Durban | Port Elizabeth | Soshanguve | Evaton | Pietermaritzburg | Vereeniging | Rustenburg
91%
Nigeria Lagos | Kano | Ibadan | Kaduna | Benin City | Port Harcourt | Maiduguri | Zaria
91%
Tanzania Dar es Salaam | Mwanza | Zanzibar | Arusha | Mbeya | Morogoro | Tanga | Kigoma
82%
Ivory Coast Abidjan | Bouake | Daloa | Korhogo | San-Pedro | Gagnoa | Man | Divo
72%
Kenya Mombasa | Nakuru | Ruiru | Eldoret | Kisumu | Kikuyu | Thika | Naivasha
70%
Algeria Oran | Constantine | Annaba | Blida | Batna | Djelfa | Setif | Sidi bel Abbes
66%
Libya Benghazi | Misrata | Zawiya | Sebha | Al-Bayda | Ajdabiya | Tobruk | Derna
65%
Cameroon Douala | Bamenda | Bafoussam | Garoua | Maroua | Ngaoundere | Kumba | Nkongsamba
58%
D.R. Congo Lubumbashi | Mbuji-Mayi | Kananga | Kisangani | Bukavu | Kolwezi | Likasi | Tshikapa
55%
Tunisia Sfax | Sousse | Ettadhamen | Kairouan | Bizerte | Gabes | La Soukra | Ariana
52%
Sudan Omdurman | Khartoum North | Nyala | Port Sudan | El Obeid | Kassala | Medani | Gedaref
51%
Benin Cotonou | Parakou | Godomey | Abomey-Calavi | Djougou | Bohicon | Ekpe | Abomey
49%
Burundi Bujumbura | Ngozi | Rumonge | Cibitoke | Kayanza | Bubanza | Gatumba | Karuzi
48%
Ghana Kumasi | Tamale | Takoradi | Sekondi | Ashaiman | Cape Coast | Obuasi | Tema
47%
Angola Lubango | Huambo | Benguela | Cabinda | Malanje | Saurimo | Lobito | Kuito
41%
Senegal Touba | Thies | Kaolack | M'Bour | Rufisque | Saint Louis | Ziguinchor | Diourbel
37%
Somalia Hargeisa | Burco | Baydhabo | Beledweyne | Borama | Marka | Kismayo | Bosaso
35%
Malawi Blantyre | Mzuzu | Zomba | Karonga | Kasungu | Mangochi | Salima | Liwonde
34%
Sierra Leone Kenema | Bo | Koidu | Makeni | Waterloo | Port Loko | Magburaka | Goderich
34%
Rep. of Congo Pointe-Noire | Loubomo | Nkayi | Impfondo | Ouesso | Madingou | Owando | Sibiti
33%
Guinea-Bissau Gabu | Bafata | Canchungo | Bissora | Bula | Farim | Mansoa | Ingore
30%
Namibia Rundu | Walvis Bay | Swakopmund | Oshakati | Rehoboth | Katima Mulilo | Otjiwarongo | Ondangwa
30%
Ethiopia Adama | Gondar | Mek'ele | Hawassa | Dire Dawa | Bahir Dar | Dessie | Jimma
29%
Zimbabwe Bulawayo | Chitungwizo | Mutare | Epworth | Gweru | Kwekwe | Kadoma | Masvingo
29%
Zambia Kitwe | Ndola | Chingola | Kabwe | Mufulira | Livingstone | Luanshya | Chipata
28%
Mozambique Matola | Nampula | Beira | Chimoio | Quelimane | Tete | Nacala | Lichinga
28%
Burkina Faso Bobo-Dioulasso | Koudougou | Banfora | Ouahigouya | Pouytenga | Kaya | Fada Ngourma | Tenkodogo
27%
Botswana Francistown | Molepolole | Maun | Mogoditshane | Serowe | Selebi-Phikwe | Kanye | Mochudi
27%
Niger Maradi | Zinder | Tahoua | Agadez | Arlit | Birni N'Konni | Dosso | Gaya
26%
Mali Sikasso | Koutiala | Segou | Kayes | Mopti | Kalabankoro | Gao | Kati
25%
Equatorial Guinea Bata | Ebebiyin | Luba | Aconibe | Evinayong | Anisok | Monogomo | Rebola
24%
Cape Verde Mindelo | Espargos | Assomada | Porto Novo | Pedra Badejo | Sao Filipe | Santa Maria | Tarrafal
24%
Gabon Port-Gentil | Franceville | Owendo | Oyem | Moanda | Ntoum | Lambarene | Mouila
22%
Mauritania Nouadhibou | Kiffa | Mbera | Kaedi | Zouerate | Rosso | Selibabi | Atar
19%
South Sudan Wau | Malakal | Yambio | Yei | Renk | Aweil | Maridi | Bentiu
18%
C. African Republic Bimbo | Berberati | Carnot | Bambari | Bouar | Bossangoa | Bria | Bangassou
17%
Madagascar Toamasina | Antsirabe | Mahajanga | Fianarantsoa | Toliara | Antsiranana | Andoany | Sambava
16%
Eritrea Keren | Teseney | Mendefera | Agordat | Assab | Massawa | Adi Quala | Senafe
14%
Chad Moundou | Abeche | Sarh | Kelo | Am Timan | Doba | Pala | Bongor
14%
Guinea Nzerekore | Kankan | Maneah | Dubreka | Kindia | Siguiri | Kissidougou | Labe
14%
Togo Sokode | Kara | Kpalime | Atakpame | Bassar | Tsevie | Aneho | Mango
13%
Liberia Gbarnga | Buchanan | Ganta | Kakata | Zwerdu | Harbel | Harper | Pleedo
12%
Eswatini Manzini | Big Bend | Mhlume | Malkerns | Nhlangano | Simunye | Piggs Peak | Siteki
11%
Gambia Brikama | Bundung | Sukuta | Talinding | Faji Kunda | Nema Kunku | Farafenni | Bakau
9%
Rwanda Gisenyi | Ruhengeri | Butare | Gitarama | Byumba | Cyangugu | Nyanza | Bugarama
9%
Uganda Nansana | Kira | Ssabagabo | Kyengera | Mbarara | Kasangati | Mukono | Njeru
9%
Djibouti Ali Sabieh | Dikhil | Tadjoura | Arta | Obock | Ali Adde | Holhol | Airolaf
8%
Lesotho Maputsoe | Mohale's Hoek | Mafeteng | Hlotse | Butha-Buthe | Quthing | Teyateyaneng | Qacha's Nek
7%
São Tomé and Príncipe Neves | Santana | Trinidade | Almas | Pantufo | Guadalupe | Bombom | Santo Antonio
7%
Mauritius Vacoas-Phoenix | Beau-Bassin-Rose Hill | Curepipe | Quatre Bornes | Triolet | Goodlands | Bel Air | Bambous
7%
Comoros Mutsamudu | Fomboni | Domoni | Ouani | Mirontsi | Tsimbeo | Sima | Iconi
6%
Seychelles Anse Boileau | Bel Ombre | Beau Vallon | Cascade | Anse Royale | Takamaka | Port Glaud | Anse Lazio
5%
No matching quizzes found
Score Distribution
Percent of People with Each Score
Percentile by Number Answered
Your Score History
You have not taken this quiz